Pokémon - Les attaques de Vacilys - Statistiques

Statistiques générales
  • Ce quiz a été pris 16 fois
  • Le résultat moyen est 12 sur 16
Statistiques - réponses
Niveaux Types Noms des attaques % Correct
Départ Poison Acide
100%
Niveau 16 Roche Pouvoir Antique
100%
Niveau 43 Normal Avale
89%
Départ Spectre Étonnement
89%
Niveau 36 Plante Giga-Sangsue
89%
Niveau 20 Plante Méga-Sangsue
89%
Départ Spectre Onde Folie
89%
Niveau 43 Normal Relâche
89%
Niveau 43 Normal Stockage
89%
Départ Normal Ligotage
78%
Niveau 28 Psy Amnésie
67%
Niveau 12 Plante Racines
67%
Départ Plante Vampigraine
67%
Niveau 48 Plante Éco-Sphère
56%
Niveau 32 Poison Suc Digestif
56%
Niveau 24 Eau Saumure
33%
Aucun quiz correspondant
Distribution des résultats
% des personnes avec chaque résultat
Percentile par nombre de réponses
Votre historique - résultats
Vous n’avez pas pris ce quiz